Capitals Having No Letters in Common with their Countries - Statistics

General Stats
  • This quiz has been taken 45 times
    21 since last reset
  • The average score is 6 of 8
Answer Stats
Hint Capital Country % Correct
South America Lima Peru
83%
South America Montevideo Uruguay
83%
Africa Cairo Egypt
78%
Asia Tokyo Japan
78%
Europe Rome Italy
72%
Oceania Suva Fiji
67%
South America Sucre Bolivia
50%
Europe Vaduz Liechtenstein
50%
No matching quizzes found
Score Distribution
Percent of People with Each Score
Percentile by Number Answered
Your Score History
You have not taken this quiz since the last reset